| 000 | 00679nam a2200193 a 4500 | ||
|---|---|---|---|
| 001 | 000042029 | ||
| 005 | 20201002035908.0 | ||
| 008 | 130821s1966 xxuabc 001 0 eng d | ||
| 040 |
_aDO-SdBNP _beng _cBNPHU |
||
| 082 |
_aR 031 _bA512 |
||
| 245 | 0 | 0 |
_aThe Americana annual : _ban encyclopedia de the events / _ceditor George A. Cornish. |
| 260 |
_a[New York , _aChicago] : _bAmericana Corporation, _c1966. |
||
| 300 |
_a788 p. : _bil., map., retrs. ; _c27 cm. |
||
| 362 | _a1923- | ||
| 500 | _aLa biblioteca posee el año de 1966 | ||
| 650 | 4 |
_aEnciclopedias y diccionarios ingleses _912399 |
|
| 700 | 1 | 2 |
_aCornish, George A. _eed. _968993 |
| 910 | _aValidado. Control de calidad MFF | ||
| 999 |
_c41518 _d41518 |
||